[Event "Titled Tuesday intern op 01st Sept"]
[Site "Chess.com INT"]
[Date "2020.09.01"]
[Round "2"]
[White "Alexandru-Vasile David"]
[Black "Rameshbabu Praggnanandhaa"]
[Result "0-1"]
[EventDate "?"]
[WhiteElo "2428"]
[BlackElo "2608"]
[Source "chessbites.com"]
[PlyCount "84"]

1. d4 Nf6 2. c4 e6 3. Nc3 Bb4 4. e3 O-O 5. Bd3 d5 6. a3 Bxc3+ 7. bxc3 c6 8. Ne2 b6 9. O-O Ba6 10. cxd5 Bxd3 11. Qxd3 cxd5 12. c4 Nc6 13. Bb2 Na5 14. cxd5 exd5 15. Rad1 Re8 16. Ng3 Qe7 17. Rfe1 h5 18. f3 Nc4 19. Bc1 Nd6 20. a4 h4 21. Nh1 Qd7 22. Nf2 Qxa4 23. e4 dxe4 24. fxe4 Nfxe4 25. Nxe4 Nxe4 26. Bf4 Rad8 27. Ra1 Qxd4+ 28. Qxd4 Rxd4 29. Rxa7 Re6 30. Rb7 Rb4 31. h3 Nc5 32. Rb8+ Kh7 33. Rxe6 Nxe6 34. Be5 f6 35. Bd6 Rb1+ 36. Kf2 Kg6 37. Rb7 b5 38. Kf3 Rb2 39. g3 Ng5+ 40. Kg4 hxg3 41. Bxg3 Rb4+ 42. Bf4 Ne6 0-1

[Event "Titled Tuesday intern op 01st Sept"]
[Site "Chess.com INT"]
[Date "2020.09.01"]
[Round "4"]
[White "Quintiliano Pinto, Renato"]
[Black "Rameshbabu Praggnanandhaa"]
[Result "0-1"]
[EventDate "?"]
[WhiteElo "2469"]
[BlackElo "2608"]
[Source "chessbites.com"]
[PlyCount "52"]

1. Nf3 Nf6 2. c4 e6 3. Nc3 d5 4. e3 b6 5. Be2 Bb7 6. b3 Nbd7 7. Bb2 a6 8. O-O Bd6 9. Rc1 O-O 10. d4 dxc4 11. bxc4 c5 12. Qb3 cxd4 13. exd4 Nh5 14. c5 Bc7 15. Rfe1 Nf4 16. cxb6 Nxb6 17. Qc2 Rc8 18. Qd2 Nc4 19. Bxc4 Bxf3 20. Ne4 Bxg2 21. f3 Bxf3 22. Rc3 Bxe4 23. Rxe4 Qg5+ 24. Kf1 Qf5 25. Ree3 Ba5 26. Rf3 Rxc4 0-1

[Event "Titled Tuesday intern op 01st Sept"]
[Site "Chess.com INT"]
[Date "2020.09.01"]
[Round "5"]
[White "Rameshbabu Praggnanandhaa"]
[Black "Anton Isajevsky"]
[Result "1-0"]
[EventDate "?"]
[WhiteElo "2608"]
[BlackElo "2403"]
[Source "chessbites.com"]
[PlyCount "70"]

1. d4 d5 2. Bf4 Nf6 3. e3 c5 4. Nd2 Nc6 5. c3 Bf5 6. Qb3 Qc8 7. Ngf3 e6 8. Ne5 Be7 9. h3 O-O 10. Be2 Nxe5 11. Bxe5 a6 12. a4 c4 13. Qd1 b5 14. O-O Qb7 15. Bf3 Rfc8 16. Re1 Ne4 17. Nxe4 Bxe4 18. Bxe4 dxe4 19. Qg4 Bf8 20. Bf6 Qd5 21. h4 h5 22. Qg3 Kh7 23. Be5 f6 24. Bf4 Qf5 25. f3 b4 26. a5 b3 27. Qf2 Ra7 28. Bg3 Rd7 29. Rf1 Rd5 30. Qe2 exf3 31. gxf3 Qh3 32. Kf2 Bd6 33. f4 Qf5 34. e4 Qg6 35. exd5 1-0

[Event "Titled Tuesday intern op 01st Sept"]
[Site "Chess.com INT"]
[Date "2020.09.01"]
[Round "6"]
[White "Blazo Kalezic"]
[Black "Rameshbabu Praggnanandhaa"]
[Result "0-1"]
[EventDate "?"]
[WhiteElo "2448"]
[BlackElo "2608"]
[Source "chessbites.com"]
[PlyCount "106"]

1. e4 c5 2. Nf3 Nc6 3. Nc3 e5 4. Bc4 Be7 5. d3 d6 6. Nd2 Nf6 7. Nf1 Nd7 8. a4 Nb6 9. Ba2 O-O 10. Ne3 Be6 11. Ncd5 Bg5 12. c3 Bxe3 13. Bxe3 Ne7 14. Nxe7+ Qxe7 15. a5 Nd7 16. a6 b6 17. O-O Kh8 18. f4 Bxa2 19. Rxa2 f5 20. fxe5 Qxe5 21. Qa4 Qe6 22. Raa1 fxe4 23. dxe4 Nf6 24. Rae1 Qxe4 25. Qd1 Qc6 26. c4 d5 27. b3 d4 28. Bg5 Ne4 29. Be7 Rxf1+ 30. Rxf1 Qe6 31. Bh4 Re8 32. Be1 h6 33. h3 Kg8 34. Qh5 Nf6 35. Rxf6 gxf6 36. Qg6+ Kf8 37. Bd2 Ke7 38. Qxh6 Kd8 39. Bf4 Kc8 40. Qh7 Qd7 41. Qg6 f5 42. h4 Qe6 43. Qg5 Kd7 44. Qg7+ Qe7 45. Qg3 Qe1+ 46. Kh2 Qxg3+ 47. Kxg3 Ke6 48. h5 Kf6 49. Kf3 d3 50. g4 fxg4+ 51. Kxg4 Re4 52. Kf3 Rxf4+ 53. Kxf4 d2 0-1

[Event "Titled Tuesday intern op 01st Sept"]
[Site "Chess.com INT"]
[Date "2020.09.01"]
[Round "8"]
[White "Rameshbabu Praggnanandhaa"]
[Black "Denis Lazavik"]
[Result "0-1"]
[EventDate "?"]
[WhiteElo "2608"]
[BlackElo "2424"]
[Source "chessbites.com"]
[PlyCount "94"]

1. d4 d5 2. Bf4 Nf6 3. e3 e6 4. Nf3 Bd6 5. Bg3 O-O 6. Nbd2 c5 7. Bd3 Nc6 8. c3 b6 9. e4 Be7 10. e5 Nh5 11. Ng5 Bxg5 12. Qxh5 g6 13. Qe2 cxd4 14. h4 Bh6 15. h5 dxc3 16. bxc3 Bg7 17. Nf3 Bd7 18. Qe3 Qe7 19. Bf4 Qc5 20. Qd2 d4 21. c4 Nb4 22. O-O Bc6 23. Be2 d3 24. Bd1 Nc2 25. Rc1 Rad8 26. h6 Bh8 27. Bg5 Rd7 28. Bf6 Bxf6 29. exf6 Nd4 30. Ng5 Ne2+ 31. Kh2 Nxc1 32. f4 Ne2 33. Bxe2 dxe2 34. Qxe2 Qf5 35. Qf2 Rfd8 36. Qg3 Rd2 37. Rf2 Rxf2 38. Qxf2 Qxf6 39. c5 Qd4 40. Qg3 bxc5 41. Nh3 Qd2 42. Qg5 Qxg2+ 43. Qxg2 Bxg2 44. Kxg2 c4 45. Kf3 c3 46. Ng5 c2 47. Ne4 c1=Q 0-1

[Event "Titled Tuesday intern op 01st Sept"]
[Site "Chess.com INT"]
[Date "2020.09.01"]
[Round "9"]
[White "Nikita Matinian"]
[Black "Rameshbabu Praggnanandhaa"]
[Result "1-0"]
[EventDate "?"]
[WhiteElo "2475"]
[BlackElo "2608"]
[Source "chessbites.com"]
[PlyCount "84"]

1. e4 c5 2. Nf3 Nc6 3. Bb5 h5 4. c3 e6 5. d4 cxd4 6. cxd4 Bb4+ 7. Nc3 d5 8. exd5 exd5 9. O-O Ne7 10. Ne5 Be6 11. Qa4 Bxc3 12. bxc3 O-O 13. Ba3 Nxe5 14. dxe5 a6 15. Be2 Rc8 16. Rac1 Re8 17. Bxh5 Rc4 18. Qd1 Nf5 19. Be2 Rh4 20. g3 Rh6 21. c4 d4 22. Bf3 Qg5 23. Bxb7 Kh7 24. Be4 Rh8 25. Rc2 Kg8 26. Bc1 Qg6 27. Bxh6 Qxh6 28. f4 g5 29. Bxf5 Bxf5 30. Rcf2 gxf4 31. Qxd4 fxg3 32. Rg2 Bg6 33. e6 fxe6 34. Qd8+ Kh7 35. Qe7+ Kg8 36. Qxe6+ Kh7 37. Qe7+ Kg8 38. Rd1 Qg7 39. Rd8+ Kh7 40. Rxh8+ Kxh8 41. Qxg7+ Kxg7 42. Rxg3 1-0

[Event "Titled Tuesday intern op 4th Aug 10am"]
[Site "Chess.com INT"]
[Date "2020.08.04"]
[Round "3"]
[White "Dawid Janaszak"]
[Black "Rameshbabu Praggnanandhaa"]
[Result "0-1"]
[EventDate "?"]
[WhiteElo "2356"]
[BlackElo "2608"]
[Source "chessbites.com"]
[PlyCount "94"]

1. d4 Nf6 2. Nf3 b6 3. Bf4 Bb7 4. e3 g6 5. Nbd2 Bg7 6. h3 O-O 7. Be2 d6 8. O-O Nbd7 9. a4 a6 10. a5 b5 11. c4 bxc4 12. Bxc4 c5 13. Bh2 Rc8 14. Qe2 Rc6 15. d5 Rc7 16. e4 Qa8 17. Rfe1 Re8 18. Ra3 Rcc8 19. Rb3 Bh6 20. Nb1 Rb8 21. Nc3 Nh5 22. g4 Nf4 23. Qf1 Ne5 24. Nxe5 dxe5 25. h4 Bc8 26. f3 Rb4 27. Rxb4 cxb4 28. Ne2 Qa7+ 29. Kh1 Qc5 30. Nxf4 Bxf4 31. Bxf4 exf4 32. e5 Bb7 33. Qd3 Qf2 34. Re2 Qxh4+ 35. Rh2 Qe1+ 36. Kg2 Qg3+ 37. Kh1 Qe1+ 38. Kg2 Qxe5 39. Kf1 Rd8 40. Re2 Qd6 41. Rd2 Rc8 42. b3 Rc5 43. Qe4 Rxa5 44. Kg2 Ra1 45. Re2 Qc5 46. Qxe7 Qg1+ 47. Kh3 Qg3# 0-1

[Event "Titled Tuesday intern op 4th Aug 10am"]
[Site "Chess.com INT"]
[Date "2020.08.04"]
[Round "4"]
[White "Rameshbabu Praggnanandhaa"]
[Black "Nikola Nikolovski"]
[Result "1-0"]
[EventDate "?"]
[WhiteElo "2608"]
[BlackElo "2454"]
[Source "chessbites.com"]
[PlyCount "100"]

1. d4 e6 2. e4 d5 3. Nc3 Bb4 4. exd5 exd5 5. Bd3 Nc6 6. a3 Bxc3+ 7. bxc3 Nge7 8. Qh5 Be6 9. Rb1 b6 10. Ne2 Qd7 11. Nf4 O-O-O 12. O-O Bg4 13. Qh4 f6 14. h3 Bf5 15. Qg3 h5 16. Ba6+ Kb8 17. Nd3 g5 18. a4 h4 19. Qh2 Qd6 20. Qxd6 Rxd6 21. Ba3 Rdd8 22. a5 Nc8 23. axb6 cxb6 24. Bb5 Bd7 25. Rfe1 Rhe8 26. f4 Kc7 27. fxg5 fxg5 28. Bc1 Rg8 29. Bxc6 Bxc6 30. Re5 Rd7 31. Rxg5 Rdg7 32. Rxg7+ Rxg7 33. Bf4+ Kd8 34. Be5 Rg8 35. Bf6+ Kc7 36. Bxh4 Ba4 37. Rc1 a5 38. Bf6 Nd6 39. Be5 Kc6 40. Bxd6 Kxd6 41. g4 Bd7 42. Kg2 a4 43. Kg3 b5 44. Ne5 a3 45. Ra1 Ra8 46. h4 Be8 47. h5 a2 48. h6 Ra3 49. h7 Rxc3+ 50. Kh4 1-0

[Event "Titled Tuesday intern op 4th Aug 10am"]
[Site "Chess.com INT"]
[Date "2020.08.04"]
[Round "5"]
[White "Nikolaos Spyropoulos"]
[Black "Rameshbabu Praggnanandhaa"]
[Result "0-1"]
[EventDate "?"]
[WhiteElo "2425"]
[BlackElo "2608"]
[Source "chessbites.com"]
[PlyCount "62"]

1. e4 c5 2. Nf3 d6 3. d4 cxd4 4. Nxd4 Nf6 5. Nc3 Nc6 6. Bg5 e6 7. Qd3 Bd7 8. O-O-O a6 9. f4 Be7 10. Kb1 Qc7 11. Be2 O-O 12. Bf3 Rad8 13. Rhe1 b5 14. g4 b4 15. Nce2 Na5 16. h4 Nc4 17. Ng3 a5 18. Nh5 a4 19. Bxf6 Bxf6 20. Nxf6+ gxf6 21. g5 a3 22. Bh5 Nxb2 23. Qg3 f5 24. g6 fxg6 25. Bxg6 Kh8 26. Bxh7 Nxd1 27. Rg1 Bc8 28. exf5 Qxh7 29. fxe6 Nc3+ 30. Kc1 Rg8 31. e7 Qxe7 0-1

[Event "Titled Tuesday intern op 4th Aug 10am"]
[Site "Chess.com INT"]
[Date "2020.08.04"]
[Round "6"]
[White "Rameshbabu Praggnanandhaa"]
[Black "Shota Azaladze"]
[Result "1-0"]
[EventDate "?"]
[WhiteElo "2608"]
[BlackElo "2439"]
[Source "chessbites.com"]
[PlyCount "78"]

1. Nf3 g6 2. e4 Bg7 3. d4 c6 4. Nc3 d6 5. Be2 Nf6 6. O-O O-O 7. a4 Qc7 8. Re1 e5 9. dxe5 dxe5 10. Bc4 Nbd7 11. b3 Nb6 12. Bd3 a5 13. h3 Nh5 14. Ne2 Rd8 15. Bg5 f6 16. Be3 Be6 17. Qc1 Bf8 18. g4 Ng7 19. Ng3 Nd7 20. Qb2 Bc5 21. Bh6 Qb6 22. Rf1 Bf7 23. g5 fxg5 24. Nxg5 Bd4 25. c3 Nc5 26. Bc2 Nxa4 27. Rxa4 Bxf2+ 28. Rxf2 Rd2 29. Nh1 Rf8 30. Nf3 Rxf2 31. Nxf2 Be6 32. Bd1 Rd8 33. Ra1 Nh5 34. Qe2 Ng3 35. Qe3 Qb5 36. c4 Qb4 37. Qg5 Re8 38. Qxg3 Qc3 39. Qxe5 1-0

[Event "Titled Tuesday intern op 4th Aug 10am"]
[Site "Chess.com INT"]
[Date "2020.08.04"]
[Round "7"]
[White "Evgeny Postny"]
[Black "Rameshbabu Praggnanandhaa"]
[Result "0-1"]
[EventDate "?"]
[WhiteElo "2600"]
[BlackElo "2608"]
[Source "chessbites.com"]
[PlyCount "134"]

1. d4 Nf6 2. c4 Nc6 3. Nf3 e6 4. g3 Bb4+ 5. Bd2 Qe7 6. Nc3 Bxc3 7. Bxc3 Ne4 8. Rc1 O-O 9. Bg2 d6 10. O-O a5 11. d5 Nxc3 12. Rxc3 Nb4 13. a3 Na6 14. dxe6 fxe6 15. Nd4 Kh8 16. Qd2 a4 17. Nc2 Nc5 18. Nb4 e5 19. Nd3 Nb3 20. Qe3 Bg4 21. Bxb7 Rab8 22. Bg2 Nd4 23. f3 Bf5 24. Qd2 c5 25. e3 Nb3 26. Qe2 Bg6 27. Rd1 Rb6 28. f4 Rfb8 29. fxe5 dxe5 30. Nf2 Na5 31. Rd2 Nb3 32. Rd5 Na5 33. Nd1 e4 34. Rd2 Nb3 35. Rd5 Bf7 36. Rf5 Na5 37. Rf4 Bg6 38. Rc2 Qe6 39. Nf2 Qe5 40. Bxe4 h6 41. Bxg6 Rxg6 42. Rd2 Rgb6 43. Nd3 Qe7 44. Qf3 R6b7 45. Re4 Qd6 46. Qg2 Nb3 47. Rd1 Rd8 48. Re8+ Rxe8 49. Qxb7 Rxe3 50. Qc8+ Kh7 51. Qf5+ Qg6 52. Qxg6+ Kxg6 53. Kf2 Re4 54. Kf3 Rd4 55. Nf4+ Kf5 56. Rxd4 cxd4 57. Ke2 Ke4 58. Nd3 g5 59. Nf2+ Kf5 60. Kd3 h5 61. h3 Ke5 62. g4 Nc5+ 63. Kd2 hxg4 64. Nxg4+ Ke4 65. Nf6+ Kf4 66. Nd5+ Kg3 67. Nf6 Kxh3 0-1

[Event "Titled Tuesday intern op 4th Aug 10am"]
[Site "Chess.com INT"]
[Date "2020.08.04"]
[Round "8"]
[White "Rameshbabu Praggnanandhaa"]
[Black "Johnatan Bakalchuk"]
[Result "1-0"]
[EventDate "?"]
[WhiteElo "2608"]
[BlackElo "2448"]
[Source "chessbites.com"]
[PlyCount "86"]

1. Nf3 Nf6 2. b3 g6 3. Bb2 Bg7 4. g3 O-O 5. c4 c5 6. Bg2 d6 7. O-O e5 8. d3 Nc6 9. Nfd2 Be6 10. a3 Qd7 11. Nc3 Bh3 12. Rb1 Nh5 13. Nd5 Bxg2 14. Kxg2 f5 15. b4 Ne7 16. bxc5 dxc5 17. e4 Nc6 18. exf5 Rxf5 19. Ne4 Raf8 20. Nxc5 Qf7 21. Ne4 Rf3 22. Bc1 Qf5 23. Be3 Qg4 24. h3 Qd7 25. Re1 Nd4 26. Bxd4 exd4 27. Re2 Kh8 28. a4 b6 29. Reb2 Qf5 30. Qe2 Be5 31. a5 Qe6 32. axb6 Nxg3 33. fxg3 Bxg3 34. Nxg3 Qd6 35. Qxf3 Rxf3 36. Kxf3 axb6 37. Rxb6 Qa3 38. Nf4 Kg7 39. h4 Qa2 40. Rb7+ Kf8 41. Ne6+ Ke8 42. Ne4 Qc2 43. Nd6# 1-0

[Event "Titled Tuesday intern op 4th Aug 10am"]
[Site "Chess.com INT"]
[Date "2020.08.04"]
[Round "9"]
[White "Mikhail Kobalia"]
[Black "Rameshbabu Praggnanandhaa"]
[Result "0-1"]
[EventDate "?"]
[WhiteElo "2614"]
[BlackElo "2608"]
[Source "chessbites.com"]
[PlyCount "80"]

1. e4 e5 2. Nf3 Nc6 3. Bb5 a6 4. Ba4 Nf6 5. O-O b5 6. Bb3 Bc5 7. c3 d6 8. d4 Bb6 9. Be3 O-O 10. Nbd2 h6 11. h3 Re8 12. Re1 Rb8 13. a3 Bb7 14. d5 Bxe3 15. Rxe3 Ne7 16. a4 c6 17. axb5 axb5 18. dxc6 Bxc6 19. Nh4 Ra8 20. Rc1 d5 21. exd5 Nexd5 22. Rg3 Qd7 23. Nf1 Rad8 24. Ne3 Nf4 25. Qf1 Be4 26. Bc2 N4h5 27. Rf3 Bxf3 28. Nxf3 e4 29. Nd4 Nf4 30. Rd1 Qb7 31. Qxb5 Qxb5 32. Nxb5 Rxd1+ 33. Bxd1 Rb8 34. c4 Nd3 35. b3 Ra8 36. Be2 Ra1+ 37. Bf1 Nd7 38. Nc3 N7c5 39. g3 Rc1 40. Ne2 Rb1 0-1

[Event "Titled Tuesday intern op 4th Aug 10am"]
[Site "Chess.com INT"]
[Date "2020.08.04"]
[Round "1"]
[White "Rostyslav Malinovsky"]
[Black "Rameshbabu Praggnanandhaa"]
[Result "1-0"]
[EventDate "?"]
[WhiteElo "2174"]
[BlackElo "2608"]
[Source "chessbites.com"]
[PlyCount "136"]

1. d4 Nf6 2. c4 Nc6 3. Nf3 e6 4. Nc3 Bb4 5. Qc2 O-O 6. Bd2 d6 7. g3 e5 8. d5 Nb8 9. Bg2 a5 10. O-O Na6 11. a3 Bxc3 12. Bxc3 Nc5 13. b4 Nce4 14. Nd2 Nxc3 15. Qxc3 Qe7 16. c5 e4 17. Qd4 Bf5 18. cxd6 cxd6 19. Nc4 axb4 20. axb4 Bg4 21. Qd2 h5 22. h3 Bf5 23. Qd4 Rxa1 24. Rxa1 Rc8 25. Ra7 Qc7 26. Ne3 Bd7 27. Kh2 Bb5 28. Bxe4 Bxe2 29. Bg2 Ba6 30. Nf5 Re8 31. b5 Bxb5 32. Qb4 Ba6 33. Qxd6 Qc2 34. Qf4 Qb2 35. Qd4 Qxd4 36. Nxd4 Rd8 37. Nf5 g6 38. Ne7+ Kf8 39. Nc6 Rd6 40. Nb8 Ke8 41. Nxa6 bxa6 42. f4 Nd7 43. Bf3 Kd8 44. Kg2 Kc8 45. Ra8+ Nb8 46. Ra7 Rd7 47. Rxd7 Kxd7 48. Be2 Kd6 49. Bc4 Kc5 50. Ba2 Nd7 51. d6 f6 52. Kf3 Kxd6 53. Bf7 Nf8 54. g4 hxg4+ 55. hxg4 g5 56. fxg5 fxg5 57. Ke4 Ne6 58. Kf5 Nd8 59. Bc4 a5 60. Kxg5 Ke5 61. Kh6 Ne6 62. Bxe6 Kxe6 63. g5 a4 64. g6 a3 65. g7 a2 66. g8=Q+ Ke5 67. Qa8 a1=Q 68. Qxa1+ 1-0

[Event "Titled Tuesday intern op 4th Aug 10am"]
[Site "Chess.com INT"]
[Date "2020.08.04"]
[Round "10"]
[White "Samuel Sevian"]
[Black "Rameshbabu Praggnanandhaa"]
[Result "1-0"]
[EventDate "?"]
[WhiteElo "2660"]
[BlackElo "2608"]
[Source "chessbites.com"]
[PlyCount "122"]

1. e4 c5 2. Nf3 Nc6 3. d4 cxd4 4. Nxd4 Nf6 5. Nc3 e5 6. Ndb5 d6 7. Bg5 a6 8. Na3 b5 9. Nd5 Be7 10. Bxf6 Bxf6 11. c3 Bg5 12. Nc2 Ne7 13. Ncb4 O-O 14. a4 bxa4 15. Rxa4 Nxd5 16. Nxd5 a5 17. Bc4 Rb8 18. b3 Be6 19. O-O Kh8 20. Qa1 Ra8 21. Qa2 Bd7 22. Ra3 f5 23. exf5 Rxf5 24. Ra1 a4 25. bxa4 e4 26. Qe2 Re5 27. a5 Bc6 28. Nb4 Bd7 29. a6 e3 30. Kh1 Bf4 31. g3 exf2 32. Qxf2 Be3 33. Qg2 Ra7 34. Nc6 Bxc6 35. Qxc6 Bc5 36. R3a2 h5 37. Qf3 h4 38. Rf1 Qa8 39. Qxa8+ Rxa8 40. Kg2 Re3 41. Bd5 Ra7 42. c4 g5 43. Bb7 Kg7 44. Raf2 Re7 45. Rf5 Kg6 46. Rf6+ Kg7 47. Kh3 hxg3 48. hxg3 Bd4 49. Rxd6 Be5 50. Rd5 Kg6 51. Kg4 Re6 52. Re1 Kf6 53. c5 Re7 54. Rdxe5 Rxe5 55. Rxe5 Kxe5 56. c6 Kd6 57. Kxg5 Kc7 58. Kf5 Kb6 59. g4 Kc7 60. g5 Kb6 61. g6 1-0

[Event "Leon blitz op 33rd"]
[Site "Chess.com INT"]
[Date "2020.07.14"]
[Round "3"]
[White "Juan Sebastian Melian"]
[Black "Rameshbabu Praggnanandhaa"]
[Result "0-1"]
[EventDate "?"]
[WhiteElo "1950"]
[BlackElo "2608"]
[Source "chessbites.com; date by Chess Assistant 21"]
[PlyCount "28"]

1. d4 Nf6 2. Nf3 g6 3. c3 Bg7 4. Bg5 O-O 5. Nbd2 d5 6. e3 c5 7. Be2 Nc6 8. O-O Ne4 9. Nxe4 dxe4 10. Nd2 cxd4 11. cxd4 Bf5 12. Qb3 Qd7 13. Rac1 Rac8 14. Qa4 Nxd4 0-1

[Event "Titled Tuesday intern op 30th June"]
[Site "Chess.com INT"]
[Date "2020.06.30"]
[Round "1"]
[White "Joey Grochal"]
[Black "Rameshbabu Praggnanandhaa"]
[Result "0-1"]
[EventDate "?"]
[WhiteElo "2335"]
[BlackElo "2608"]
[Source "chessbites.com"]
[PlyCount "126"]

1. d4 Nf6 2. c4 e6 3. Nf3 d5 4. Nc3 a6 5. cxd5 exd5 6. Bg5 Be6 7. e3 Nbd7 8. Bd3 c6 9. O-O Bd6 10. Qc2 h6 11. Bh4 O-O 12. Rae1 Qc7 13. Bg3 Rfe8 14. Nh4 Bxg3 15. hxg3 Qd6 16. Nf5 Bxf5 17. Bxf5 Nf8 18. a3 a5 19. Na4 g6 20. Bd3 h5 21. Nb6 Rad8 22. Qc3 N8h7 23. Qxa5 Ng4 24. Qc5 Qb8 25. e4 dxe4 26. Rxe4 Nhf6 27. Rxe8+ Rxe8 28. Qg5 Kg7 29. Nc4 b5 30. Ne3 Nxe3 31. fxe3 Qd6 32. Rc1 Ng4 33. Qf4 Qd7 34. Re1 c5 35. Kf1 c4 36. Bc2 Qe7 37. e4 Rd8 38. d5 Ne5 39. Kg1 Rd6 40. Rf1 Nd7 41. Qe3 Ne5 42. Qd4 Kg8 43. Kh1 Ng4 44. Rf4 Kh7 45. Bd1 Ne5 46. Rf1 Kg8 47. Qf2 Ra6 48. Qf4 Kg7 49. Kg1 Nd3 50. Qe3 Qe5 51. Kh2 Rf6 52. Rxf6 Qxf6 53. Bf3 Nxb2 54. e5 Qd8 55. d6 Nd3 56. Be4 Nxe5 57. Qd4 f6 58. Bf3 Nf7 59. d7 Ne5 60. Qd6 Qxd7 61. Qb8 c3 62. Be4 Ng4+ 63. Kg1 Qd1# 0-1

[Event "Titled Tuesday intern op 30th June"]
[Site "Chess.com INT"]
[Date "2020.06.30"]
[Round "2"]
[White "Rameshbabu Praggnanandhaa"]
[Black "Anton Isajevsky"]
[Result "1-0"]
[EventDate "?"]
[WhiteElo "2608"]
[BlackElo "2403"]
[Source "chessbites.com"]
[PlyCount "62"]

1. Nf3 Nf6 2. g3 d5 3. Bg2 e6 4. O-O Be7 5. d3 O-O 6. Nbd2 c5 7. e4 Nc6 8. Re1 b5 9. e5 Nd7 10. Nf1 a5 11. h4 Re8 12. N1h2 h6 13. Bf4 Bf8 14. Ng4 Nd4 15. c4 Nxf3+ 16. Bxf3 Nb6 17. cxb5 a4 18. d4 c4 19. Bxh6 Ra5 20. Qc1 Rxb5 21. Re2 Nd7 22. Bg5 Be7 23. Qf4 Nf8 24. Bxe7 Rxe7 25. h5 Nh7 26. h6 g6 27. Nf6+ Nxf6 28. Qxf6 Qf8 29. h7+ Kxh7 30. Kg2 Kg8 31. Rh1 1-0

[Event "Titled Tuesday intern op 30th June"]
[Site "Chess.com INT"]
[Date "2020.06.30"]
[Round "3"]
[White "Rameshbabu Praggnanandhaa"]
[Black "Anastasia Bodnaruk"]
[Result "1-0"]
[EventDate "?"]
[WhiteElo "2608"]
[BlackElo "2411"]
[Source "chessbites.com"]
[PlyCount "104"]

1. Nf3 Nf6 2. g3 g6 3. Bg2 Bg7 4. O-O O-O 5. d4 d6 6. b3 Nbd7 7. Bb2 c6 8. Nbd2 Re8 9. e4 e5 10. dxe5 dxe5 11. Qe2 Qc7 12. a4 a5 13. Nc4 Bf8 14. Rfd1 b6 15. Qe3 Ba6 16. Ncxe5 Bc5 17. Qf4 Bd6 18. Rxd6 Qxd6 19. Nxd7 Qxf4 20. Nxf6+ Qxf6 21. Bxf6 Rxe4 22. Ne5 Re2 23. Bxc6 Rc8 24. Rd1 Rxc2 25. Bd5 R2c7 26. h4 Kf8 27. h5 gxh5 28. Kg2 Rc1 29. Rd4 R1c7 30. Rh4 Rc5 31. Nd7+ Ke8 32. Nxc5 Rxc5 33. Bc4 Bb7+ 34. Kg1 Rf5 35. Bd4 Bf3 36. Be3 Bg4 37. Rh2 Re5 38. Kg2 Rf5 39. Rh4 Re5 40. Kf1 Ke7 41. Ke1 Kd6 42. Kd2 Kc6 43. Kc3 Rf5 44. Rh1 Re5 45. Rc1 Rf5 46. Kb2 Kb7 47. Bd3 Re5 48. Bf4 Re7 49. Be3 Rd7 50. Bf1 f5 51. Bg2+ Ka7 52. Rc8 1-0

[Event "Titled Tuesday intern op 30th June"]
[Site "Chess.com INT"]
[Date "2020.06.30"]
[Round "5"]
[White "Rameshbabu Praggnanandhaa"]
[Black "Antoaneta Stefanova"]
[Result "1-0"]
[EventDate "?"]
[WhiteElo "2608"]
[BlackElo "2462"]
[Source "chessbites.com"]
[PlyCount "102"]

1. Nf3 d5 2. g3 g6 3. c4 d4 4. b4 Bg7 5. Bb2 e5 6. d3 Ne7 7. Bg2 O-O 8. O-O a5 9. bxa5 Nbc6 10. Nbd2 Rxa5 11. Nb3 Ra8 12. a4 f5 13. Nfd2 g5 14. a5 Kh8 15. Ba3 Re8 16. Nc5 Rxa5 17. Qb1 b6 18. Ncb3 Ra6 19. Qc2 Qd7 20. Rfb1 Ng6 21. Nc1 Nd8 22. c5 bxc5 23. Ncb3 Ne6 24. Nxc5 Nxc5 25. Bxc5 Rxa1 26. Rxa1 e4 27. Rc1 exd3 28. exd3 Ne5 29. Nc4 h6 30. Ba3 Ba6 31. Nxe5 Bxe5 32. Bc6 Qe6 33. Bxe8 Qxe8 34. Re1 Qb5 35. Qc5 Qxc5 36. Bxc5 Bf6 37. Rd1 Kg7 38. Kf1 Kf7 39. Ke2 Ke6 40. Ra1 Bc8 41. Ra8 Kd7 42. Ra4 Bb7 43. Bxd4 Bc6 44. Rb4 Be7 45. Rb8 f4 46. Rh8 fxg3 47. fxg3 g4 48. Rxh6 Bf3+ 49. Kf2 c5 50. Be3 Bd6 51. h4 1-0

[Event "Titled Tuesday intern op 30th June"]
[Site "Chess.com INT"]
[Date "2020.06.30"]
[Round "6"]
[White "Martinez Reyes, Pedro Ramon"]
[Black "Rameshbabu Praggnanandhaa"]
[Result "0-1"]
[EventDate "?"]
[WhiteElo "2416"]
[BlackElo "2608"]
[Source "chessbites.com"]
[PlyCount "70"]

1. e4 c5 2. Nf3 Nc6 3. d4 cxd4 4. Nxd4 Nf6 5. Nc3 d6 6. Bg5 e6 7. Qd2 a6 8. O-O-O Be7 9. Bxf6 gxf6 10. f4 Nxd4 11. Qxd4 Qa5 12. Be2 Bd7 13. Kb1 Qc5 14. Qd3 O-O-O 15. g4 Kb8 16. h4 Bc6 17. g5 h6 18. gxh6 Rxh6 19. Bf3 f5 20. exf5 Bxf3 21. Qxf3 Qxf5 22. Ne4 d5 23. Ng3 Qf6 24. c4 dxc4 25. h5 Rhh8 26. f5 Ka8 27. Qf4 c3 28. Rxd8+ Rxd8 29. Ne4 Qd4 30. Qf3 cxb2 31. f6 Ba3 32. h6 Rc8 33. Qxa3 Qxe4+ 34. Kxb2 Rc2+ 35. Kb3 Qc4# 0-1

[Event "Titled Tuesday intern op 30th June"]
[Site "Chess.com INT"]
[Date "2020.06.30"]
[Round "4"]
[White "Nikita Vitiugov"]
[Black "Rameshbabu Praggnanandhaa"]
[Result "1-0"]
[EventDate "?"]
[WhiteElo "2722"]
[BlackElo "2608"]
[Source "chessbites.com"]
[PlyCount "100"]

1. d4 Nf6 2. Nf3 d5 3. Bf4 c5 4. e3 Nc6 5. Nbd2 e6 6. c3 Bd6 7. Bg3 O-O 8. Bd3 Qe7 9. Ne5 Nd7 10. Nxd7 Qxd7 11. dxc5 Bxc5 12. O-O Rd8 13. Rc1 b6 14. Qc2 h6 15. a3 Bb7 16. Rfd1 Rac8 17. Qb1 Qe7 18. c4 dxc4 19. Bxc4 Bd6 20. Be2 Ne5 21. Rxc8 Rxc8 22. Ne4 Bb8 23. Nc3 Rd8 24. Rd4 Nc6 25. Rxd8+ Qxd8 26. Bf3 Bxg3 27. hxg3 Na5 28. b4 Bxf3 29. gxf3 Nc4 30. Kg2 a6 31. Qc1 Qd3 32. Ne4 b5 33. Nc5 Qd6 34. a4 e5 35. a5 g6 36. Qc2 Kg7 37. g4 Kg8 38. Qd3 Qc6 39. Qe4 Qf6 40. Qa8+ Kg7 41. Qxa6 Qxa6 42. Nxa6 Kf6 43. Nc7 Ke7 44. a6 Kd7 45. Nxb5 Kc6 46. Nc3 Nd6 47. f4 exf4 48. exf4 Kb6 49. b5 Kc5 50. a7 1-0

[Event "Titled Tuesday intern op 30th June"]
[Site "Chess.com INT"]
[Date "2020.06.30"]
[Round "9"]
[White "Rameshbabu Praggnanandhaa"]
[Black "Eltaj Safarli"]
[Result "0-1"]
[EventDate "?"]
[WhiteElo "2608"]
[BlackElo "2598"]
[Source "chessbites.com"]
[PlyCount "144"]

1. e4 e5 2. Nf3 Nc6 3. Bc4 Bc5 4. c3 Nf6 5. d3 h6 6. h3 d6 7. Bb3 O-O 8. Nbd2 Be6 9. Bc2 d5 10. exd5 Bxd5 11. O-O Re8 12. b4 Bb6 13. b5 Na5 14. Re1 Qd6 15. Bb2 Rad8 16. a4 Bc5 17. Qe2 b6 18. c4 Bxf3 19. Nxf3 Bb4 20. Red1 Nd7 21. d4 exd4 22. Qd3 Nf6 23. Bxd4 Nb7 24. Qf5 Qe6 25. Bxf6 Qxf5 26. Bxf5 gxf6 27. g3 Nc5 28. Rab1 Bc3 29. Rdc1 Be5 30. Bc2 Bd4 31. Kf1 f5 32. Rd1 Bf6 33. h4 Kg7 34. h5 Ne4 35. Rxd8 Rxd8 36. Re1 Nc5 37. Kg2 Rd7 38. Re2 f4 39. gxf4 Ne6 40. Kg3 Nd4 41. Rd2 Rd6 42. Nxd4 Bxd4 43. Re2 Bc5 44. Be4 Rd1 45. Bd5 Kf8 46. Ra2 Bd6 47. a5 Rd4 48. axb6 axb6 49. Ra8+ Ke7 50. Rh8 Rxf4 51. Kg2 Rf6 52. f3 Bf4 53. Kf1 Rf5 54. Ke2 Rxh5 55. Rh7 Rf5 56. Kd3 Rf6 57. Ke4 Bg5 58. Kd3 Kf8 59. Rh8+ Kg7 60. Rc8 Bf4 61. Ke2 h5 62. Kf2 Rg6 63. Ra8 h4 64. Ra1 h3 65. Rh1 h2 66. Kf1 Kf6 67. Be4 Rg7 68. Bd5 Ke5 69. Kf2 Rg1 70. Rxg1 Be3+ 71. Ke2 hxg1=Q 72. f4+ 0-1